Entrepreneurial Development (Record no. 5536)

MARC details
000 -LEADER
fixed length control field 00496cam a2200193ua 4500
001 - CONTROL NUMBER
control field 6391
005 - DATE AND TIME OF LATEST TRANSACTION
control field 20260515114037.0
008 - FIXED-LENGTH DATA ELEMENTS--GENERAL INFORMATION
fixed length control field 131205n ii |||gr||||Z||||||eng
020 ## - INTERNATIONAL STANDARD BOOK NUMBER
International Standard Book Number 81-219-1804-4
040 ## - CATALOGING SOURCE
Transcribing agency MAIN
082 ## - DEWEY DECIMAL CLASSIFICATION NUMBER
Classification number 338.04
245 11 - TITLE STATEMENT
Title Entrepreneurial Development
Statement of responsibility, etc. By S.S. Khanka
260 ## - PUBLICATION, DISTRIBUTION, ETC.
Place of publication, distribution, etc. New delhi:
Name of publisher, distributor, etc. S. Chand & Company ltd.,
Date of publication, distribution, etc. 2002.
300 ## - PHYSICAL DESCRIPTION
Extent xiv,405p.
653 ## - INDEX TERM--UNCONTROLLED
Uncontrolled term Commerce
653 ## - INDEX TERM--UNCONTROLLED
Uncontrolled term Entrepreneurial development
700 1# - ADDED ENTRY--PERSONAL NAME
Personal name Khanka,S.S.,
Relator term Author.
942 ## - ADDED ENTRY ELEMENTS (KOHA)
Koha item type Books
Holdings
Withdrawn status Lost status Damaged status Not for loan Home library Current library Shelving location Date acquired Total checkouts Full call number Barcode Date last seen Date last checked out Copy number Price effective from Koha item type
        Naharkatiya College Library Naharkatiya College Library General stacks 09/19/2020 2 338.04 | KHA 13969 10/09/2025 09/15/2025 1 09/19/2020 Books